000 00741cab a2200241 4500
001 WB3404-49
008 090401t1998 xxu||||| |||| 00| 0 eng d
035 _a(Sirsi) u83415
041 _aeng
245 _aMilk market sours
260 _c1998
350 _a0
490 _aFinancial Times
_v28 January 1998, 15(1)
520 _aThe balance between supply and demand in the dairy industry has shifted sharply in recent months. Prices for milk have dropped by 20% whilst dairy companies are enjoying an increase in profits.
650 _aDAIRY FARMING
650 _aDAIRY INDUSTRY
650 _aMILK MARKET
650 _aMILK MARQUE
650 _aMILK PRICES
690 _aRURAL PRACTICE
942 _n0
948 _c29/01/1998
999 _c52683
_d52683